MARC details
| 000 -CABECERA |
| campo de control de longitud fija |
01423nam a2200301 a 4500 |
| 001 - NÚMERO DE CONTROL |
| campo de control |
000005872 |
| 003 - IDENTIFICADOR DEL NÚMERO DE CONTROL |
| campo de control |
OSt |
| 005 - FECHA Y HORA DE LA ÚLTIMA TRANSACCIÓN |
| campo de control |
20250401130908.0 |
| 008 - DATOS DE LONGITUD FIJA--INFORMACIÓN GENERAL |
| campo de control de longitud fija |
090824s1999 dr c 000 0 spa d |
| 020 ## - NÚMERO INTERNACIONAL ESTÁNDAR DEL LIBRO |
| Número Internacional Estándar del Libro |
9993422012 |
| 040 ## - FUENTE DE LA CATALOGACIÓN |
| Centro catalogador/agencia de origen |
DO-SdBNP |
| Lengua de catalogación |
spa |
| Centro/agencia transcriptor |
BNPHU |
| 082 #4 - NÚMERO DE LA CLASIFICACIÓN DECIMAL DEWEY |
| Número de clasificación |
342.729303 |
| Número de documento/Ítem |
C766p |
| Número de edición |
22 |
| 111 2# - ENTRADA PRINCIPAL--NOMBRE DE CONGRESO/REUNIÓN |
| Nombre de congreso/reunión o jurisdicción como elemento de entrada |
Conversatorio la participación política en la reforma constitucional |
| Fecha del congreso/reunión |
(1999 : |
| Sede del congreso/Lugar de la reunión |
Santo Domingo) |
| 9 (RLIN) |
16555 |
| 245 13 - MENCIÓN DE TÍTULO |
| Título |
La participación política en la reforma constitucional / |
| Mención de responsabilidad, etc. |
expositor Pedro Catrain. |
| 260 ## - PUBLICACIÓN, DISTRIBUCIÓN, ETC. |
| Lugar de publicación, distribución, etc. |
Santo Domingo : |
| Nombre del editor, distribuidor, etc. |
Comisión Presidencial para la Reforma y Modernización del Estado, |
| Fecha de publicación, distribución, etc. |
1999. |
| 300 ## - DESCRIPCIÓN FÍSICA |
| Extensión |
88 p. : |
| Otras características físicas |
retrs. ; |
| Dimensiones |
21 cm. |
| 490 1# - MENCIÓN DE SERIE |
| Mención de serie |
Debates constitucionales, |
| -- |
Conversatorios |
| Designación de volumen o secuencia |
2 |
| 590 ## - NOTA LOCAL (RLIN) |
| Nota local |
Inventariado, 2018/VM |
| 650 #4 - PUNTO DE ACCESO ADICIONAL DE MATERIA--TÉRMINO DE MATERIA |
| Término de materia o nombre geográfico como elemento de entrada |
Reformas constitucionales |
| Subdivisión geográfica |
República Dominicana |
| Subdivisión de forma |
Congresos, conferencias, etc. |
| 9 (RLIN) |
16556 |
| 650 #4 - PUNTO DE ACCESO ADICIONAL DE MATERIA--TÉRMINO DE MATERIA |
| Término de materia o nombre geográfico como elemento de entrada |
Gobierno representativo |
| Subdivisión geográfica |
República Dominicana |
| Subdivisión de forma |
Congresos, conferencias, etc. |
| 9 (RLIN) |
16557 |
| 651 #4 - PUNTO DE ACCESO ADICIONAL DE MATERIA--NOMBRE GEOGRÁFICO |
| Nombre geográfico |
República Dominicana |
| Subdivisión general |
Derecho Constitucional |
| Subdivisión de forma |
Congresos, conferencias, etc |
| 9 (RLIN) |
16558 |
| 700 12 - PUNTO DE ACCESO ADICIONAL--NOMBRE DE PERSONA |
| Nombre de persona |
Catrain, Pedro |
| 9 (RLIN) |
16559 |
| 710 2# - PUNTO DE ACCESO ADICIONAL--NOMBRE DE ENTIDAD CORPORATIVA |
| Nombre de entidad corporativa o nombre de jurisdicción como elemento de entrada |
Comisión Presidencial para la Reforma y Modernización del Estado (República Dominicana) |
| 9 (RLIN) |
7089 |
| 710 2# - PUNTO DE ACCESO ADICIONAL--NOMBRE DE ENTIDAD CORPORATIVA |
| Nombre de entidad corporativa o nombre de jurisdicción como elemento de entrada |
Programa de las Naciones Unidas para el Desarrollo |
| 9 (RLIN) |
187 |
| 830 #0 - PUNTO DE ACCESO ADICIONAL DE SERIE-TÍTULO UNIFORME |
| Título uniforme |
Debates constitucionales, |
| Nombre de parte o sección de la obra |
Conversatorios |
| Número de parte o sección de la obra |
2 |
| 9 (RLIN) |
16560 |
| 910 ## - DATOS DE OPCIÓN DEL USUARIO (OCLC) |
| Datos de opción del usuario |
VMateo Validado. Control de calidad MFF |
| 942 ## - ELEMENTOS DE PUNTO DE ACCESO ADICIONAL (KOHA) |
| Fuente del sistema de clasificación o colocación |
Dewey Decimal Classification |
| Tipo de ítem Koha |
Libro |